[Event "PHI-ch U20"]
[Site "San Antonio"]
[Date "2014.04.24"]
[Round "6"]
[White "Acas, Alvin"]
[Black "Aquino, Prince Mark"]
[Result "1-0"]
[WhiteElo "1905"]
[BlackElo "2195"]
[PlyCount "105"]
[EventDate "2014.04.21"]
[EventType "swiss"]
[EventRounds "11"]
[EventCountry "PHI"]
[SourceTitle "CBM 160 Extra"]
[Source "ChessBase"]
[SourceDate "2014.07.01"]
[SourceVersion "1"]
[SourceVersionDate "2014.07.01"]
[SourceQuality "1"]

1. e4 d5 2. exd5 Qxd5 3. Nc3 Qd6 4. Nf3 Nf6 5. Bc4 a6 6. 0-0 b5 7. Bb3 c5 8. d3 Nc6 9. Ng5 e6 10. Nge4 Nxe4 11. Nxe4 Qc7 12. Be3 Nd4 13. c3 Nxb3 14. axb3 Bb7 15. f3 Be7 16. Qe2 0-0 17. Kh1 h6 18. f4 c4 19. bxc4 bxc4 20. Nd2 cxd3 21. Qxd3 Rad8 22. Qe2 Bc5 23. Nf3 Bxe3 24. Qxe3 Rd5 25. Nd4 Rfd8 26. Qg3 g6 27. Qh4 Kg7 28. Rae1 Rh5 29. Qg4 Rdd5 30. h3 Qa5 31. Kg1 Rd6 32. Qg3 Qb6 33. b4 Qd8 34. Kh2 Qd7 35. Re3 Bd5 36. Qf2 Bb7 37. g4 Rhd5 38. Qe2 Rxd4 39. cxd4 Rxd4 40. Rf2 Rd1 41. Qb2+ Kg8 42. Qf6 Rh1+ 43. Kg3 Qd1 44. Kh4 Qd5 45. f5 gxf5 46. gxf5 Rg1 47. fxe6 Qg5+ 48. Qxg5+ hxg5+ 49. Kh5 fxe6 50. Rxe6 Bd5 51. Rg6+ Kh7 52. Rxg5 Rd1 53. Rf6 1-0

[Event "PHI-ch U20"]
[Site "San Antonio"]
[Date "2014.04.22"]
[Round "2"]
[White "Acas, Alvin"]
[Black "Nazario, Marc Christian"]
[Result "0-1"]
[WhiteElo "1905"]
[BlackElo "2139"]
[PlyCount "38"]
[EventDate "2014.04.21"]
[EventType "swiss"]
[EventRounds "11"]
[EventCountry "PHI"]
[SourceTitle "CBM 160 Extra"]
[Source "ChessBase"]
[SourceDate "2014.07.01"]
[SourceVersion "1"]
[SourceVersionDate "2014.07.01"]
[SourceQuality "1"]

1. c4 Nf6 2. Nc3 c6 3. d4 d5 4. b3 Bf5 5. Nf3 e6 6. c5 b6 7. b4 a5 8. Na4 Nbd7 9. Bd2 axb4 10. Bxb4 bxc5 11. dxc5 Nxc5 12. Nxc5 Bxc5 13. Bxc5 Qa5+ 14. Qd2 Qxc5 15. Rc1 Qb6 16. Nd4 Ne4 17. Qe3 Qb4+ 18. Kd1 Rxa2 19. Nxc6 Nxf2+ 0-1